000 02955nam a22003973i 4500
001 EBC7024056
003 MiAaPQ
005 20240327205014.0
007 cr cnu||||||||
008 220817s2022 xx o ||||0 ger d
020 _a9783835349094
_q(electronic bk.)
020 _z9783835352384
040 _aMiAaPQ
_beng
_cMiAaPQ
100 1 _aGlaser, Marcel.
_99112
_4aut
_dauthor
245 1 0 _aPeter Koller (1907-1996) :
_bStadtplaner in Diktatur und Demokratie : eine Biografie.
_cMarcel Glaser
250 _a1st ed.
264 1 _aGöttingen :
_bWallstein Verlag,
_c2022.
264 4 _c{copy}2022.
300 _a1 online resource (475 pages)
336 _aText
_btxt
_2rdacontent
337 _aComputermedien
_bc
_2rdamedia
338 _aOnline Resource
_bcr
_2rdacarrier
490 _aStadt - Zeit - Geschichte ;
_vv.7
500 _aE-Book-ProQuest / Fernzugriff nach Registrierung möglich
502 _bDissertation, Universität Kassel,
_d2021
505 0 _aUmschlag -- Titel -- Impressum -- Inhalt -- Einleitung -- 1. Herkunft und frühe Prägungen -- 1.1 Jugend und Weltkrieg -- 1.2 Thule-Kreis und Jugendbewegung -- 2. Studium und erste Berufserfahrungen -- 2.1 Im Kreis um Othmar Spann -- 2.2 Studium und Parteieintritt -- 2.3 Erfolge und Rückschläge -- 3. Enttäuschte Erwartungen -- 3.1 Misslungener Aufbruch -- 3.2 Landesplaner in Augsburg -- 4. Planer der NS-Musterstadt -- 4.1 Der städtebauliche Entwurf -- 4.2 Organisation und Kompetenzen -- 4.3 Stadtaufbau mit Hindernissen -- 4.4 Stadt ohne Kirchen? -- 5. Euphorie und Ernüchterung -- 5.1 Zwischenspiel in Linz -- 5.2 Die Neugestaltung der Gauhauptstadt Graz -- 5.3 »Monumentalität am falschen Objekt«? NS-Stadtplanung für Innsbruck -- 5.4 Drang nach Osten -- 5.5 Planungsrausch -- 5.6 Ernüchterung -- 6. Neuorientierung -- 6.1 Entnazifizierung -- 6.2 Absolution durch die Kirche -- 6.3 Der Architekt als Lokalhistoriker -- 6.4 Jugendbewegte Erinnerungsgemeinschaften -- 6.5 Stadtplaner in der Demokratie -- 6.6 Stadtbaurat von Wolfsburg -- 7. Rückzugsort Hochschule -- 7.1 Universität und Planerausbildung -- 7.2 Die Sanierung des Wedding -- 7.3 Stadtplanung zwischen Reform und Revolte -- 8. Vergangenheitsdeutungen -- 8.1 Die zweite Karriere: Peter Koller und die Erforschung der NS-Stadtplanung -- 8.2 Ein Denkmal seiner selbst -- Fazit -- Abbildungsverzeichnis -- Quellen- und Literaturverzeichnis -- Archivalische Quellen -- Gedruckte Quellen -- Literatur -- Danksagung.
600 1 _aKoller, Peter
_99116
655 4 _aElectronic books.
655 _aFernzugriff
_9230
655 _aHochschulschrift
655 _aBiografie
_9480
776 0 8 _iPrint version:
_aGlaser, Marcel
_tPeter Koller (1907-1996)
_dGöttingen : Wallstein Verlag,c2022
_z9783835352384
830 0 _aStadt - Zeit - Geschichte
_99113
856 4 0 _uhttps://ebookcentral.proquest.com/lib/maxweberstiftung-ebooks/detail.action?docID=7024056
_zVolltext
942 _cEB
_2z
999 _c60547
_d60547